000 00914nam0a22002411 4500
001 rc\2987581
005 20250530003634.0
035 _a(NLR Aleph) 007131931
090 _a6968289
_c6968289
100 _a20090309d1937 |||y0rusy50 ca
101 0 _arus
102 _aRU
105 _aa z ||||y
200 1 _aШпион
_eПовесть
_eДля сред. возраста
_fР. Фраерман
_gРис. худ. Р. Гершаника
210 _aМосква
_aЛенинград
_cДетиздат
_d1937
_eМосква
_gф-ка детской книги Изд-ва детской лит-ры ЦК ВЛКСМ
215 _aПереплет, 94, [2] с.
_cил.
_d23х16 см
700 1 _aФраерман
_bР.И.
_f1891-1972
_gРувим Исаевич
702 1 _aГершаник
_bР.
_4440
801 0 _aRU
_bNLR
_gpsbo
801 1 _aRU
_bELAR
_2rusmarc
852 _aNLR
_j37-11/786
942 _cBOOK
980 _aNB